000 01201nam a2200313 a 4500
001
003 DO-SdBNP
005 20211129124614.0
008 130305s2012 dr 001 0 spa d
020 _a9789945074468
040 _aDO-SdBNP
_bspa
_cBPMSU
082 _a972.9304
_bA162a 2012
_222
100 1 _aAbreu Cardet, José Miguel,
_d1951-
245 1 3 _aEl alzamiento de Neiba :
_bacontecimientos y documentos (febrero de 1863) /
_cJosé Abreu Cardet, Elia Sintes Gómez.
260 _aSanto Domingo :
_bArchivo General de la Nación,
_c2012.
300 _a252 p. ;
_c24 cm.
490 0 _aArchivo General de la Nación
_v151
500 _aIncluye índice onomástico.
500 _aIncluye datos biográficos de los autores en las solapas.
504 _aIncluye bibliografía y notas al pie de páginas.
590 _aInventariado, 2021/VM
651 4 _aRepública Dominicana
_xHistoria
_y1844-1930
651 4 _aRepública Dominicana
_xHistoria
_yRestauración,1863-1865
651 4 _aNeiba (República Dominicana)
_xHistoria Local
700 1 _aSintes Gómez, Elia,
_d1956-
710 2 _aArchivo General de la Nación (República Dominicana)
910 _aVMateo V.
942 _2ddc
_cBK
999 _c13865
_d13865